| 000 | 00525nam a2200205Ia 4500 | ||
|---|---|---|---|
| 003 | BUBTL | ||
| 008 | 151213s9999 xx 000 0 und d | ||
| 082 | _a364/PEC | ||
| 100 |
_aKonn & Pecorkle _94191 |
||
| 245 |
_aCriminology & Penology _cKonn & Pecorkle |
||
| 250 | _a6th | ||
| 260 |
_aHaryana _cc2004 |
||
| 300 |
_a[xviii] , 496 p . : _c22cm |
||
| 650 | _aLaw | ||
| 650 |
_aLaw _94193 |
||
| 700 |
_aKonn & Pecorkle _94191 |
||
| 856 |
_k0 _l0 _yDownload |
||
| 942 |
_2ddc _cBK |
||
| 999 |
_c3687 _d3687 |
||